00421pab a2200157 454500008004000000100001700040245005400057260000900111300001400120362001200134650002600146650002900172650002900201700001600230773001700246180718b2002 xxu||||| |||| 00| 0 eng d aBaby, Smitha aTotal quality management in agricultural research c2002 ap.320-24. aJul-Sep aAgricultural research aTotal quality management aTotal quality management aMathew, Joy aProductivity